| 000 | 02166nam a2200433 c 4500 | ||
|---|---|---|---|
| 003 | BLK | ||
| 005 | 20180422114232.0 | ||
| 008 | 180411b bul|||||r ||||||| ||bul|| | ||
| 010 | _aKNG00176047000 | ||
| 040 | _aBLK | ||
| 041 |
_aBUL _cBUL |
||
| 080 |
_aБългарска литература _b821.163.2 _x-93-312.6 _z821.163.2-93-312.6 |
||
| 080 |
_aВъзраждане _b94(497.2)"17/18" _x(092)(0:82-31) _z94(497.2)"17/18"(092)(0:82-31) |
||
| 080 |
_aГеорги Мамарчев Буюклиу. Български революционер, капитан от руската армия _b929 Мамарчев, Георги Стойков _x _z929 Мамарчев, Георги Стойков |
||
| 100 | 1 |
_aКалчев, Камен _eпърви автор _gКалчев, Петър Митев _9367490 |
|
| 700 | 1 |
_aКалчев, Петър Митев _e* _9317810 |
|
| 139 |
_aКалчев, Камен _bК 20 |
||
| 245 | 1 | 0 |
_aСмелият капитан _bРоман [за капитан Георги Мамарчев] : [За юноши] _cКамен Калчев; * Петър Митев Калчев. |
| 250 | _a8. изд. | ||
| 257 | _aBGR | ||
| 260 |
_аСофия _bОФ _c1986 |
||
| 300 |
_a240 с. _c21 см |
||
| 380 | _aX | ||
| 490 | 1 | _aБългарски исторически романи | |
| 500 | _aАвт. не е отбелязан на кор. ; Истинското име на авт. е Петър Митев Калчев. - 1. изд. 1958 на изд. Нар. младеж ; В кн. означено 2. изд. - 25 200 тир. | ||
| 600 | 1 | 4 |
_aМамарчев, Георги Стойков _9223911 |
| 650 | 4 |
_aМамарчев, Георги Стойков _9223911 |
|
| 651 | 4 |
_aБългария _9241624 |
|
| 653 | _aГеорги Мамарчев | ||
| 653 | _aроманизувани биографии | ||
| 653 | _aбългарска история | ||
| 653 | _aреволюционери | ||
| 653 | _aосманско владичество | ||
| 852 | _aЦб 143554 | ||
| 856 | 4 |
_qpdf _u |
|
| 856 | 4 |
_qpdf _u |
|
| 942 |
_cKNG _n0 |
||
| 944 |
_aCR _c01.06.2015 _lф / _kЛюдмила_Стоянова |
||
| 944 |
_aED _c14.09.2017 _lф / _kМилена_Ачева |
||
| 999 |
_c168173 _d168173 |
||